Science Quiz

Random Science or Geology Quiz

Bullseye Blitz: Science! Quiz Stats

Quiz Updated Apr 25, 2018

Challenge
Share
Tweet
Score 0/48 Timer 04:00
15 Plays Today
% Correct
Carbon Dioxide
98.9%
Argon
98.7%
Oxygen
98.6%
Jupiter
98.4%
Saturn
98.1%
Uranus
97.2%
Patella
92.7%
Neptune
92.7%
Fibula
91.6%
Nitrogen
90.7%
Tibia
90.4%
Gold
88.9%
New Moon
88%
Last Quarter
85.9%
Full Moon
85.9%
Zinc
85.7%
Iron
82.9%
Crust
82.9%
Strong Force
81.4%
Electromagnetism
81.3%
Femur
81%
Weak Force
81%
Capricornus
80.4%
Cancer
79.5%
% Correct
Gravitation
79.1%
Temporal
77%
Parietal
75.9%
Aries
75.8%
Occipital
74.8%
Thermosphere
71.7%
Mesosphere
71.5%
Frontal
71%
Stratosphere
70.2%
Inner Core
68.9%
Outer Core
68.4%
Order
66.2%
First Quarter
65.8%
Mantle
65.3%
Class
64.8%
Europa
64.3%
Phylum
61.2%
Io
61.2%
Neon
60.2%
Aquarius
58.1%
Kingdom
54.3%
Callisto
34.9%
Ganymede
33.1%
Troposphere
31.2%

You're not logged in!

Compare scores with friends on all Sporcle quizzes.
Join for Free
OR
Log In

You Might Also Like...

Show Comments

Extras

Top Quizzes Today


Score Distribution

Your Account Isn't Verified!

In order to create a playlist on Sporcle, you need to verify the email address you used during registration. Go to your Sporcle Settings to finish the process.

Report this User

Report this user for behavior that violates our Community Guidelines.

Details: